000 01217nam0a2200277 4500
001 RU\NLR\BIBL_A\011712324
005 20250626114030.0
035 _a(NLR Aleph) 011712324
090 _a13417051
_c13417051
100 _a20180524d1913 |||y0rusy50 ca
101 0 _atat
102 _aRU
105 _ay z 000 y
200 1 _aГани бай
_eГабделгани Хөсәеневнең тәрҗемәи хәле, мәктүбләре вә аның хакында хатирәләр
_fтәхрир итүче: Борһан Шәрәф
210 _aОренбург
_c"Вакыт" матбагасы
_cНәшире: Ширинбану Хөсәенева һәм балалары
_d1913
215 _a307 б.
_d24
300 _aАраб. графика.
541 1 _6z01790
_a[Гани бай
_eбиография, письма Абдулгани Хусаинова, воспоминания о нём].
_zrus
686 1 _aТ3(2)5-8
700 1 _aШәрәф
_bБ.
_f1883-1942
_gБорһан
_4070
702 1 _aХөсәенев
_bГ.
_f1839-1902
_gГабделгани
_4570
790 1 _6z01541
_aШараф
_bБ.
_gБурган
_4070
852 _aNLR
_bОНЛ
_jТатар./4-764
942 _cBOOK
980 _aNB